书目信息 |
| 题名: |
比例和百分法
|
|
| 作者: | 沈超 , 涂世泽 编著 | |
| 分册: | ||
| 出版信息: | 南京 江苏人民出版社 1957.02 |
|
| 页数: | 78页 | |
| 开本: | 20cm | |
| 丛书名: | ||
| 单 册: | ||
| 中图分类: | O121.2 | |
| 科图分类: | ||
| 主题词: | 初等数学 | |
| 电子资源: | ||
| ISBN: | ||
| 000 | 00570nam0 2200205 450 | |
| 001 | 0654532281 | |
| 005 | 20060727155301.31 | |
| 010 | @dCNY0.26 | |
| 100 | @a20060727d1957 km y0chiy0120 ea | |
| 101 | 0 | @achi |
| 102 | @aCN@b320000 | |
| 200 | 1 | @a比例和百分法@Abi li he bai fen fa@f沈超,涂世泽编著@Fshen chao,tu shi ze bian zhu |
| 210 | @a南京@c江苏人民出版社@d1957.02 | |
| 215 | @a78页@d20cm | |
| 606 | 0 | @a初等数学 |
| 690 | @aO121.2@v3 | |
| 701 | 0 | @a沈超@Ashen chao@4编著 |
| 701 | 0 | @a涂世泽@Atu shi ze@4编著 |
| 801 | 0 | @aCN@bPFT@c20060727 |
| 905 | @a10447@dO121.2@e65 | |
| 比例和百分法/沈超,涂世泽编著.-南京:江苏人民出版社,1957.02 |
| 78页;20cm |
| ISBN :CNY0.26 |
| ● |
| 相关链接 |
|
|
|
|
正题名:比例和百分法
索取号:O121.2/65
 
预约/预借
| 序号 | 登录号 | 条形码 | 馆藏地/架位号 | 状态 | 备注 |
| 1 | 0442430 | 204424300 | 密集书库/ [索取号:O121.2/65] | 在馆 | |
| 2 | 0442454 | 204424541 | 密集书库/ [索取号:O121.2/65] | 在馆 |